000
00161 a2200085 4500
041
_a
eng
100
_a
Dorros, Arthur
245
_a
Abuelo9780061686276
942
_c
BK
999
_c
14252
_d
14252